Gerçekleri Arşiv yazar (Record no. 10807)

MARC details
000 -BAŞLIK
Sabit Uzunlukta Kontrol Alanı 00851na a2200301 4500
001 - KONTROL NUMARASI
Denetim Alanı 24306
003 - KONTROL NUMARASI IDENTIFIER
Denetim Alanı MIRAKIL
005 - SON İŞLEM TARİHİ VE ZAMANI
Denetim Alanı 20181213155334.0
008 - SABİT-BOY VERİ ELEMANLARI - GENEL BİLGİLER
Sabit Uzunlukta Kontrol Alanı 180911b tu 000 0
020 ## - ULUSLARARASI STANDART KİTAP NUMARASI
Uluslararası Standart Kitap Numarası 9786052982228
040 ## - KATALOGLAMA KAYNAK
Orijinal Kataloglama Ajansı Milas
Kataloglama Dili tur
Metne Dönüştürmek Ajansı TR-AnCHP
041 ## - DİL KODU
Metin / Ses Parça Veya Ayrı Başlığın Dil Kodu tur
082 ## - DEWEY ONLU SINIFLANDIRMA NUMARASI
Sınıflandırma Numarası 070.9561
Ürün Numarası A4g 2018
090 ## - SINIFLAMA NUMARASI
Sınıflama Numarası 070.9561 A4g 2018
100 ## - ANA GİRİŞ - KİŞİSEL İSİM
Kişisel Ad Ak, Bilal
245 ## - BAŞLIK TABLOSU
Başlık Gerçekleri Arşiv yazar
Başlığın Kalan Sözcü kumpası
Sorumluluk Tablosu, Vb Bilal Ak
246 ## - UNVAN FORM VARYING
Başlık Doğru / Kısa Başlığı Sözcü kumpası
260 ## - YAYIN, DAĞITIM, VB
Yayın, Dağıtım, Vb Yeri İstanbul
Yayıncı, Dağıtıcı, Vs Adı Kırmızı kedi yayınevi
Yayın, Dağıtım, Vb Tarihi 2018
300 ## - FİZİKSEL TANIM
Kapsam 358 s.
Diğer Fiziksel Ayrıntıları res.
Boyutlar 23 sm.
440 ## - SERİSİ TABLOSU / KATMA GİRİŞİ - BAŞLIK
Başlık Kırmızı Kedi yayınevi
Hacim / Ardışık Tanımı 866
490 ## - SERİSİ TABLOSU
Seri Beyanı güncel
Hacim / Ardışık Tanımı 38
500 ## - GENEL NOT
Genel Not Yapıt yazarından imzalıdır.
650 ## - KONU KATMA GİRİŞ - TOPİKAL DÖNEM
Topikal Süreli Veya Coğrafi Ad Giriş Elemanı Gazete yazıları
650 ## - KONU KATMA GİRİŞ - TOPİKAL DÖNEM
Topikal Süreli Veya Coğrafi Ad Giriş Elemanı Basın özgürlüğü
Genel Alt Bölümü Türkiye
650 ## - KONU KATMA GİRİŞ - TOPİKAL DÖNEM
Topikal Süreli Veya Coğrafi Ad Giriş Elemanı Basın
Genel Alt Bölümü Türkiye
740 ## - KATMA GİRİŞ - KONTROLSUZ İLGİLİ / ANALİTİK BAŞLIK
Kontrol Edilmeyen / İlgili Analitik Başlıktaki sözcü kumpası
942 ## - EKLENDİ GİRİŞ ELEMANLARI (KOHA)
Sınıflandırma Veya Raf Düzeni Kaynak Dewey Decimal Classification
Koha Öğesi Türü Books
999 ## - SİSTEM KONTROL NUMARALARI (KOHA)
Koha Biblionumber 10807
Koha Biblioitemnumber 10807
Holdings
Kalıcı Konum Mevcut Konum Edinme Tarihi Edinim Kaynak Toplam Check-Out'Lar Tam Çağrı Numarası Barkod Tarih Son Görülme İtibaren Geçerli Fiyatlar Koha Öğesi Türü
CHP Kütüphanesi CHP Kütüphanesi 09/11/2018 Bağış   070.9561 A4g 2018 018384 09/11/2018 09/11/2018 Books
Parti Okulu Kütüphanesi Parti Okulu Kütüphanesi 02/27/2024     070.9561 A4g 2018 21155 02/27/2024 02/27/2024 Books